| 000 | 00468nam a2200145 i 4500 | ||
|---|---|---|---|
| 001 | 26800 | ||
| 003 | ES-MaACL | ||
| 005 | 20230906153513.0 | ||
| 007 | t| | ||
| 008 | 030110s1956 sp ||||1| spa d | ||
| 245 | 0 | 0 |
_aArrendamientos urbanos _b: legislación vigente por el carácter Progresivo de esta publicación : jurisprudencia al día : índices... |
| 260 |
_aPamplona : _bAranzadi, _c1956. |
||
| 300 |
_a469 p. ; _c18 cm. |
||
| 852 |
_aES-MaACL _jC-11662 _bR.39079 |
||
| 999 |
_c26800 _d26800 |
||